<?xml version="1.0" encoding="UTF-8"?>
<marc:record xmlns:marc="http://www.loc.gov/MARC21/slim">
   <marc:leader>00000nam a2200000 a 4500</marc:leader>
   <marc:datafield ind1="1" ind2=" " tag="100">
      <marc:subfield code="a">Ewing, Jack</marc:subfield>
      <marc:subfield code="4">aut</marc:subfield>
      <marc:subfield code="e">Verfasser/-in</marc:subfield>
   </marc:datafield>
   <marc:datafield ind1=" " ind2=" " tag="653">
      <marc:subfield code="a">Geschichte 1937-2015</marc:subfield>
   </marc:datafield>
   <marc:datafield ind1=" " ind2=" " tag="653">
      <marc:subfield code="a">Dieselmotor</marc:subfield>
   </marc:datafield>
   <marc:datafield ind1=" " ind2=" " tag="653">
      <marc:subfield code="a">Kraftfahrzeugabgas</marc:subfield>
   </marc:datafield>
   <marc:datafield ind1=" " ind2=" " tag="653">
      <marc:subfield code="a">Betrug</marc:subfield>
   </marc:datafield>
   <marc:datafield ind1=" " ind2=" " tag="653">
      <marc:subfield code="a">Wirtschaftskriminalität</marc:subfield>
   </marc:datafield>
   <marc:datafield ind1=" " ind2=" " tag="653">
      <marc:subfield code="a">Abgasmanipulation</marc:subfield>
   </marc:datafield>
   <marc:datafield ind1=" " ind2=" " tag="653">
      <marc:subfield code="a">Autoindustrie</marc:subfield>
   </marc:datafield>
   <marc:datafield ind1=" " ind2=" " tag="653">
      <marc:subfield code="a">Diesel</marc:subfield>
   </marc:datafield>
   <marc:datafield ind1=" " ind2=" " tag="653">
      <marc:subfield code="a">Piëch</marc:subfield>
   </marc:datafield>
   <marc:datafield ind1=" " ind2=" " tag="653">
      <marc:subfield code="a">Winterkorn</marc:subfield>
   </marc:datafield>
   <marc:datafield ind1=" " ind2=" " tag="653">
      <marc:subfield code="a">VW-Skandal</marc:subfield>
   </marc:datafield>
   <marc:datafield ind1=" " ind2=" " tag="653">
      <marc:subfield code="a">Softcover / Sachbücher/Politik</marc:subfield>
   </marc:datafield>
   <marc:datafield ind1=" " ind2=" " tag="653">
      <marc:subfield code="a">Gesellschaft</marc:subfield>
   </marc:datafield>
   <marc:datafield ind1=" " ind2=" " tag="653">
      <marc:subfield code="a">Wirtschaft</marc:subfield>
   </marc:datafield>
   <marc:datafield ind1=" " ind2=" " tag="653">
      <marc:subfield code="a">VW-Skandal; Diesel; Abgasmanipulation; Autoindustrie; Piëch</marc:subfield>
   </marc:datafield>
   <marc:datafield ind1="0" ind2="0" tag="245">
      <marc:subfield code="a">Wachstum über alles</marc:subfield>
   </marc:datafield>
   <marc:datafield ind1="0" ind2="0" tag="245">
      <marc:subfield code="b">der VW-Skandal : die Personen, die Technik, die Hintergründe</marc:subfield>
   </marc:datafield>
   <marc:datafield ind1="0" ind2="0" tag="245">
      <marc:subfield code="c">Jack Ewing ; aus dem Amerikanischen von Gabriele Gockel, Bernhard Jendricke und Sonja Schumacher</marc:subfield>
   </marc:datafield>
   <marc:datafield ind1=" " ind2="1" tag="264">
      <marc:subfield code="a">München</marc:subfield>
      <marc:subfield code="b">Droemer</marc:subfield>
   </marc:datafield>
   <marc:datafield ind1="1" ind2=" " tag="520">
      <marc:subfield code="a">Angaben aus der Verlagsmeldung

Wachstum über alles : Der VW-Skandal N.N. / von Jack Ewing

Der Weltkonzern am Abgrund: Im Sommer 2015 verkündet die Volkswagen AG stolz, Toyota als weltgrößten Autohersteller überflügelt zu haben. Doch kurz darauf macht die US-Umweltbehörde öffentlich, dass VW in 11 Millionen Diesel-Fahrzeugen eine illegale Software zur Manipulation der Abgaswerte installiert hat. Im Dezember 2016 einigt sich VW mit dem US-Justizministerium auf eine Strafe von 4,3 Milliarden Dollar und hohe Entschädigungen für die amerikanischen VW-Diesel-Besitzer. US-Manager von VW stehen unter Anklage. Die neue VW-Führung taktiert, die deutschen VW-Diesel-Besitzer organisieren sich und wollen ebenfalls Schadensersatz. Endlich handeln auch Politik und Justiz in Deutschland: Der Abgas-Untersuchungsausschuss tagt in Berlin, in Braunschweig ermittelt die Staatsanwaltschaft wegen Aktionärstäuschung und Betrug – mit nicht absehbaren Folgen.
Jack Ewing, der renommierte Wirtschaftskorrespondent der New York Times in Frankfurt, erzählt Aufstieg und Fall des deutschen Vorzeige-Konzerns. Es ist ein wahrer Wirtschaftskrimi, wie der ehemalige Aufsichtsratsvorsitzende Ferdinand Piëch und der wegen der Diesel-Affäre zurückgetretene Vorstandsvorsitzende Martin Winterkorn die Weltmarktführerschaft um jeden Preis erobern wollten.
</marc:subfield>
   </marc:datafield>
   <marc:datafield ind1=" " ind2=" " tag="020">
      <marc:subfield code="a">9783426277041</marc:subfield>
      <marc:subfield code="9">9783426277041</marc:subfield>
   </marc:datafield>
   <marc:datafield ind1=" " ind2=" " tag="020">
      <marc:subfield code="a">3426277042</marc:subfield>
      <marc:subfield code="9">3426277042</marc:subfield>
   </marc:datafield>
   <marc:datafield ind1=" " ind2=" " tag="041">
      <marc:subfield code="a">ger</marc:subfield>
   </marc:datafield>
   <marc:datafield ind1=" " ind2=" " tag="300">
      <marc:subfield code="a">400 Seiten</marc:subfield>
   </marc:datafield>
</marc:record>
